| 000 | 00463 a2200121 4500 | ||
|---|---|---|---|
| 082 | _aBICSE-1 | ||
| 100 |
_aKiran Khurshid _992291 |
||
| 245 |
_aAutomatic Sign Language (Hand Gestures) Recognition to Speech _cKiran Khurshid |
||
| 260 |
_aIsalamabad, _bNUST School of Electrical Engineering & Computer Science, _c2007. |
||
| 300 |
_axi, 103 p. : _bill. ; _c27 cm. + _eCD-ROM |
||
| 856 | _uhttp://10.250.8.41:8080/xmlui/handle/123456789/3511 | ||
| 942 |
_cPR _kBICSE-1 KIR _2ddc |
||
| 999 |
_c9181 _d9181 |
||